000 00255nam a22001097a 4500
040 _cSCME
100 _aTrinh Xuan Thuan
_992096
245 _aThe secret melody
260 _aNew York
_bOxford University Press
_c1995
300 _a313p.
942 _2ddc
_cBK
999 _c590206
_d590206